000 00705nam a2200205 a 4500
005 20260415064153.0
008 991125s1996 bil 000 0 spa u
020 _a8427120338
035 _aUPN01000015871
049 _aCG
050 4 _aLB2805
_bD5.7
245 0 0 _aDirección participativa y evaluación de centros /
_cUniversidad de Deusto.
260 _aBilbao, Esp. :
_bICE, Universidad de Deusto:
_bMensajero,
_c1996.
300 _a921 p. :
_btablas
520 _aEn la cubierta: "II Congreso Internacional sobre Direcciónde Centros Docentes"
650 4 _aAdministración educativa
_9498
650 4 _aEvaluación educativa
_94298
650 4 _aEducación
_xPlanificación
_91146
905 _aLibro
999 _c15871
_d15871